Geography Quiz

Random Geography or World Quiz

Country Pairs Area Comparison Quiz Stats

 Plays Quiz Updated Apr 9, 2019

Score 0/20 Timer 06:00
9 Plays Today
% Correct
India: 3,287,263 km2
(Indonesia: 1,904,569 km2)
92.6%
Saudi Arabia: 2,149,690 km2
(Peru: 1,285,216 km2)
83.4%
Portugal: 92,090 km2
(Togo: 56,785 km2)
80%
North Korea: 120,538 km2
(South Korea: 99,720 km2)
79.9%
United States: 9,833,517 km2
(Australia: 7,741,220 km2)
77.6%
Libya: 1,759,540 km2
(South Africa: 1,219,090 km2)
76.3%
Afghanistan: 652,230 km2
(Spain: 505,370 km2)
70.2%
Tunisia: 163,610 km2
(Iceland: 103,000 km2)
64.4%
Slovakia: 49,035 km2
(Slovenia: 20,273 km2)
62.8%
Ecuador: 283,561 km2
(Syria: 185,180 km2)
61.9%
% Correct
Papua New Guinea: 462,840 km2
(Malaysia: 329,847 km2)
61.5%
Bolivia: 1,098,581 km2
(Turkey: 783,562 km2)
59.7%
Kenya: 580,367 km2
(New Zealand: 268,838 km2)
59.5%
North Macedonia: 25,713 km2
(eSwatini: 17,364 km2)
49.5%
Iraq: 438,317 km2
(Philippines: 300,000 km2)
49.1%
Gabon: 267,667 km2
(Uruguay: 176,215 km2)
41.9%
Guyana: 214,969 km2
(Nepal: 147,181 km2)
41.6%
Malawi: 118,484 km2
(Panama: 75,420 km2)
41.1%
Uganda: 241,038 km2
(Kyrgyzstan: 199,951 km2)
36.9%
Solomon I.: 28,896 km2
(Seychelles: 455 km2)
22.8%

You're not logged in!

Compare scores with friends on all Sporcle quizzes.
OR
Log In

Sporcle TV

Today on Sporcle TV


Watch our educational content, quiz creation guides, and fun videos on Sporcle TV.

Show Comments

Extras

Top Quizzes Today


Score Distribution

Your Account Isn't Verified!

In order to create a playlist on Sporcle, you need to verify the email address you used during registration. Go to your Sporcle Settings to finish the process.

Report this User

Report this user for behavior that violates our Community Guidelines.

Details: